Quizzes
Events
Quiz Creation
Community
Videos
Private Events
Remove Ads
Sign In
Join for FREE
Feedback
Dark Mode
Quiz Categories
Sports
Geography
Music
Movies
Television
Just For Fun
Miscellaneous
History
Literature
Language
Science
Gaming
Entertainment
Religion
Holiday
For Kids
Quiz Lab
Recent
Popular Today
Quiz Kudos Today
Editor Picks
Curator Picks
Quizzes by...
Day
Popularity
Type
Ratings
Length
Year
Community
Subscriptions
Recent Discussions
Orange Saloon
Badges
Playlists
Quests
Create
Leaderboards
Showdown
Live 5
Trivia Bingo
Activity
Puzzle Library
Sporcle Events
Private Events
Virtual Trivia
Globe League
Become a Host
Pub Owners
SporcleCon
Opinionation
Our Games
Videos
Blog
Mobile Apps
Partnerships
Remove Ads and Go Orange
Feedback
Music
Pop Music
The Beatles
Song
Album
Lyrics
Bands
Singers
Artist
Clip
Rock
Rap
Classical
Billboard
Country Music
Kpop
Taylor Swift
Music
Pop Music
The Beatles
Song
Album
Lyrics
Bands
Singers
Artist
Clip
Rock
Rap
Classical
Billboard
Country Music
Kpop
Taylor Swift
Random Quiz
Search Sporcle
×
Quiz Lab
Quiz Lab
Music
Artist
Type in answers that appear in a list
Type in answers that appear in a list
Classic
Best Score? Go Orange.
Cryptical Music Artists II Stats
Can you name the music acts from the cryptic clues?
By
MacZidane
10m
30 Questions
425 Plays
425 Plays
425 Plays
Comments
Comments
Give Quiz Kudos
Give Quiz Kudos
-
- Ratings
hide this ad
Replay
Link that replays current quiz
Next Quiz
Link to next quiz in quiz playlist
You Got
0%
They Got
Avg Score
33%
Avg Friend Score
Upgrade to see
Score Distribution
Jump to the score distribution portion of the page
Score
0/30
Timer
10:00
0
Plays Today
Clue
Artist(s)
% Correct
This foe isn't private
Public Enemy
75.9%
Desert water
Oasis
67.2%
Eve's man and his collection of insects
Adam and the Ants
65.1%
Those women have no clothes on!
Barenaked Ladies
58.5%
Metallic Airship
Led Zeppelin
57.1%
Chattering Skulls
Talking Heads
55.7%
Hysteria in the nightclub
Panic at the Disco
49.3%
If Betty and Wilma were royalty
Queens of the Stone Age
42.9%
Darkest Sunday
Black Sabbath
42.7%
Insanity
Madness
41.5%
Heroic Hobo
Supertramp
38%
Rulers of Trotsky
Kings of Leon
34.4%
Easy Brains
Simple Minds
34%
Rub out Midge
Erasure
32.3%
Portals
The Doors
32.1%
Clue
Artist(s)
% Correct
Fresh infants on the slab
New Kids on the Block
28.5%
Symphonic movements at night
Orchestral Manoeuvres in the Dark
27.4%
John, Edward, and Robert
Dead Kennedys
27.1%
Will's bubbly chocolate
Aerosmith
26.7%
Huge Onslaught
Massive Attack
25.2%
Freezing Production
Coldplay
23.3%
Fantastic bushy creatures
Super Furry Animals
22.4%
Funny Bone
Elbow
20%
He's fantastic at telling on others
Supergrass
17%
Norman Stanley Fletcher's penitentiary
Slade
13.7%
These siblings are 100% male
Allman Brothers
10.8%
Mr Quayle's feeling fortified
Steely Dan
10.1%
Sad Notes
The Bluetones
7.1%
Jerry's enemy is somewhat immaterial
Tom Petty
5.4%
Clinton's Cranium
Portishead
2.6%
Quiz Playlist
Details
Report
Send in Message
Add To Playlist
Classic:
Type in answers that appear in a list
Last Updated: Sep 7, 2017
Quiz Scoreboard
CHALLENGE
Sign Up to Join the Scoreboard
Show All
Scores
Hide
Comments
May contain spoilers
Recently Published
9x9 Crossword: Cartoon Network
by jackfrog10
Miscellaneous
3m
College Basketball Coaching Resumes
by pancakes188
Sports
9m
Billboard Blitz: Fleetwood Mac
by CooCooCachoo
Music
15s
More to Explore
Quiz From the Vault
Featured Blog Post
Where Did the Easter Bunny Come From?
hide this ad
You Might Also Like...
Tags
Artist Quiz
Act
Cryptic
Cryptical
Today's Top Quizzes in Music
Browse Music
hide this ad
Today's Top Quizzes in Artist
Browse Artist
Top Contributed Quizzes in Music
1
Taylor Swift All Songs (2024)
2
Guess the Artist- 70s Songs
3
7-to-1: Billboard Hot 100 #1 Hits of 2010s
4
Sorting Albums and Songs
5
Taylor Swift Logic Puzzle
6
KPOP LOGIC QUIZ
7
Guess the Taylor Swift song (Mystery Song)
8
One Thing in Common: Music
9
2010s Album by Cover III
10
Guess The Taylor Swift Lyrics Song #1
Explore More
Trending Topics
Anime
Crossword
Marvel
Disney
Kpop
Harry Potter
NBA
Puzzle
Country
Soccer
WWE
Pokémon
Song
NFL
The Office
hide this ad
More By:
MacZidane
Quiz
Plays
Rating
Category
Featured
Created
Scottish Towns and Cities by Population
4,188
4.15
Geography
Sep 29, 2009
Best Ever Albums Top 100 Artists
1,570
3.83
Music
Oct 25, 2009
Cryptic Musical Artists
880
3.86
Music
Oct 8, 2009
80s Song Lyrics
852
3.09
Music
Oct 4, 2009
Cryptical Music Artists II
425
3.60
Music
Oct 10, 2009
Go to Creator's Profile
Score Distribution
Quiz Creator Spotlight
MacZidane
Follow
Send a Message
Quizzes Created
-
Created Quiz Play Count
-
More By This Creator
Popular Quizzes Today
1
Find the US States - No Outlines Minefield
2
Find the Countries of Europe - No Outlines Minefield
3
The Countries of the World
4
Find the US States
5
Risky Map Clicking: Biggest States A-Z
6
US States
7
Popular People in 1961
8
Movies - When Are They Set?
More Music Quizzes
'Feel' Song Titles
Published
Trending Quizzes
Risky Map Clicking: Least Populous States A-Z
1-10 Letter G Words
1-10 Letter F Words
Risky Map Clicking: Next State Alphabetically
Adjectives in 80s TV Shows
Recently Updated
Leaping Animals
pecheneg
Reality TV Shows (A-Z)
bhenderson79
Rickey Henderson's Hall of Fame Teammates
pecheneg
Champions League XIs: Arsenal
pecheneg
Quick Pick: Celebrities in WWE's Hall of Fame
aduchscher
A-Z Keypad Blitz II
pecheneg
Multiple Oscar Actors
pecheneg
Mystery Phrase Blitz: Oscar 'Best Actors'
pecheneg
F. Scott Fitzgerald Novels
LTH
Pick 3 Villains
ddd62291
Trending Topics
Crossword
NBA
Disney
Kpop
Anime
Harry Potter
Marvel
Pokémon
Country
Song
Puzzle
The Office
Soccer
WWE
NFL
Your Account Isn't Verified!
In order to create a playlist on Sporcle, you need to verify the email address you used during registration. Go to your
Sporcle Settings
to finish the process.
Report this User
Report this user for behavior that violates our
Community Guidelines
.
Details:
Send Report
Go to the Sporcle.com Mobile Site →
Comments